000 03029nam a2200349Ia 4500
001 CRC0KE20256PDF
003 BD-DhSAU
005 20151012144302.0
006 m|||||o||d||||||||
007 cr||||
008 130725s2013 fluad sb 001 0 eng d
020 _a9781466555440 (ebook : PDF)
040 _aBD-DhSAU
_cBD-DhSAU
090 _aQD96.I47
_bT46 2013
092 _a543.65
_bT461
100 1 _aThomas, Robert,
_d1949-
245 1 0 _aPractical guide to ICP-MS
_h[electronic resource] :
_ba tutorial for beginners /
_cRobert Thomas.
250 _a3rd ed.
260 _aBoca Raton :
_bTaylor & Francis,
_c2013.
300 _axxvii, 418 p. :
_bill.
490 1 _aPractical spectroscopy ;
_v38
504 _aIncludes bibliographical references and index.
505 0 _ach. 1. An overview of ICP-MS -- ch. 2. Principles of ion formation -- ch. 3. Sample introduction -- ch. 4. Plasma source -- ch. 5. Interface region -- ch. 6. Ion-focusing system -- ch. 7. Mass analyzers : quadrupole technology -- ch. 8. Mass analyzers : double-focusing magnetic sector technology -- ch. 9. Mass analyzers : time of flight technology -- ch. 10. Mass analyzers : collision/reaction cell and interface technology -- ch. 11. Ion detectors -- ch. 12. Peak measurement protocol -- ch. 13. Methods of quantitation -- ch. 14. Review of interferences -- ch. 15. Sample preparation -- ch. 16. Routine maintenance -- ch. 17. Alternative sample introduction techniques -- ch. 18. Coupling ICP-MS with chromatographic techniques for trace element speciation -- ch. 19. Common ICP-MS applications -- ch. 20. Emerging ICP-MS application areas -- ch. 21. Comparing ICP-MS with other atomic spectroscopic techniques -- ch. 22. How to select an ICP mass spectrometer : some important analytical considerations -- ch. 23. Final thoughts.
520 _a"Presenting an in-depth discussion of the fundamental principles, analytical advantages, and practical capabilities of ICP-MS, this volume offers key concepts in a reader-friendly format suitable for those with limited knowledge of the technique. Written by an insider with more than 20 years experience in product development, customer support, and technical marketing for an ICP-MS instrument vendor, the book highlights this powerful ultra trace-element technique as a practical solution to real-world problems. The new edition has been updated and revised to cover new developments and updates to existing applications and reflects the significant new technology introduced by vendors since the second edition published"--
_cProvided by publisher.
530 _aAlso available in print edition.
538 _aMode of access: World Wide Web.
650 0 _aInductively coupled plasma mass spectrometry.
655 7 _aElectronic books.
_2lcsh
776 1 _z9781466555433 (hardback)
830 0 _aPractical spectroscopy ;
_vv. 38.
856 4 0 _uhttp://marc.crcnetbase.com/isbn/9781466555440
_qapplication/PDF
999 _c11445
_d11444